[Event "Campeonato de España Blitz 2017"]
[Site "Linares"]
[Date "2017.08.12"]
[Round "8"]
[White "Narciso Dublan, Marc"]
[Black "Moreno Ruiz, Javier"]
[Result "1/2-1/2"]
[Board "4"]
[WhiteTitle "GM"]
[WhiteElo "2582"]
[WhiteCountry "ESP"]
[WhiteFideId "2201500"]
[WhiteEloChange "-2"]
[BlackTitle "IM"]
[BlackElo "2444"]
[BlackCountry "ESP"]
[BlackFideId "2203146"]
[BlackEloChange "2"]

1. d4 {[%clk 0:03:02]} Nf6 {[%clk 0:03:03]} 2. c4 {[%clk 0:03:04]} g6 {[%clk
0:03:01]} 3. Nc3 {[%clk 0:03:01]} d5 {[%clk 0:02:57]} 4. e3 {[%clk 0:03:02]} Bg7
{[%clk 0:02:58]} 5. cxd5 {[%clk 0:03:03]} Nxd5 {[%clk 0:02:49]} 6. Nxd5 {[%clk
0:03:04]} Qxd5 {[%clk 0:02:59]} 7. Ne2 {[%clk 0:03:05]} O-O {[%clk 0:02:59]} 8.
Nc3 {[%clk 0:03:05]} Qd8 {[%clk 0:03:00]} 9. Be2 {[%clk 0:03:08]} c5 {[%clk
0:03:01]} 10. d5 {[%clk 0:03:10]} e6 {[%clk 0:02:58]} 11. e4 {[%clk 0:03:11]}
exd5 {[%clk 0:02:55]} 12. exd5 {[%clk 0:03:12]} Nd7 {[%clk 0:02:45]} 13. O-O
{[%clk 0:03:12]} a6 {[%clk 0:02:35]} 14. Bf4 {[%clk 0:03:04]} Ne5 {[%clk
0:02:31]} 15. Qd2 {[%clk 0:03:00]} Re8 {[%clk 0:02:28]} 16. Rad1 {[%clk 0:02:59]}
b5 {[%clk 0:02:19]} 17. Rfe1 {[%clk 0:02:22]} Bb7 {[%clk 0:02:04]} 18. Bf1 {[%clk
0:02:14]} Qd7 {[%clk 0:01:54]} 19. h3 {[%clk 0:02:00]} f5 {[%clk 0:01:51]} 20. b3
{[%clk 0:01:48]} Rad8 {[%clk 0:01:50]} 21. Bg5 {[%clk 0:01:49]} Rc8 {[%clk
0:01:50]} 22. a4 {[%clk 0:01:46]} b4 {[%clk 0:01:39]} 23. Ne2 {[%clk 0:01:39]} c4
{[%clk 0:01:27]} 24. bxc4 {[%clk 0:01:18]} Rxc4 {[%clk 0:01:16]} 25. Nf4 {[%clk
0:01:20]} Rc3 {[%clk 0:01:07]} 26. Ne6 {[%clk 0:01:19]} Bh8 {[%clk 0:00:35]} 27.
Qa2 {[%clk 0:00:50]} Nf7 {[%clk 0:00:31]} 28. Bf4 {[%clk 0:00:41]} b3 {[%clk
0:00:29]} 29. Qa3 {[%clk 0:00:29]} Bxd5 {[%clk 0:00:29]} 30. Nc5 {[%clk 0:00:25]}
Qc6 {[%clk 0:00:17]} 31. Rxe8+ {[%clk 0:00:23]} Qxe8 {[%clk 0:00:17]} 32. Rxd5
{[%clk 0:00:23]} b2 {[%clk 0:00:14]} 33. Qxb2 {[%clk 0:00:22]} Rxc5 {[%clk
0:00:13]} 34. Qb3 {[%clk 0:00:19]} Rxd5 {[%clk 0:00:04]} 35. Qxd5 {[%clk
0:00:21]} Qxa4 {[%clk 0:00:11]} 36. Bc4 {[%clk 0:00:21]} Qe8 {[%clk 0:00:12]} 37.
Qb7 {[%clk 0:00:17]} Bf6 {[%clk 0:00:11]} 38. Qxa6 {[%clk 0:00:17]} Kg7 {[%clk
0:00:13]} 39. Qa7 {[%clk 0:00:18]} Qe7 {[%clk 0:00:12]} 40. Qa5 {[%clk 0:00:11]}
Be5 {[%clk 0:00:09]} 41. Bd2 {[%clk 0:00:08]} Bf6 {[%clk 0:00:09]} 42. g3 {[%clk
0:00:06]} h5 {[%clk 0:00:09]} 43. h4 {[%clk 0:00:08]} Ne5 {[%clk 0:00:08]} 44.
Be2 {[%clk 0:00:08]} Ng4 {[%clk 0:00:08]} 45. Bxg4 {[%clk 0:00:05]} hxg4 {[%clk
0:00:09]} 46. Bc3 {[%clk 0:00:06]} Bxc3 {[%clk 0:00:09]} 47. Qxc3+ {[%clk
0:00:08]} Qf6 {[%clk 0:00:10]} 48. Qc7+ {[%clk 0:00:09]} Kg8 {[%clk 0:00:10]} 49.
Qc8+ {[%clk 0:00:10]} Kg7 {[%clk 0:00:11]} 50. Qd7+ {[%clk 0:00:11]} Kg8 {[%clk
0:00:12]} 51. Qd2 {[%clk 0:00:12]} Kg7 {[%clk 0:00:13]} 52. Qc2 {[%clk 0:00:13]}
Kg8 {[%clk 0:00:14]} 53. Qb3+ {[%clk 0:00:15]} Kg7 {[%clk 0:00:15]} 54. Qb7+
{[%clk 0:00:16]} Qf7 {[%clk 0:00:15]} 55. Qb6 {[%clk 0:00:07]} Qf6 {[%clk
0:00:17]} 56. Qe3 {[%clk 0:00:17]} Kg8 {[%clk 0:00:15]} 57. Qf4 {[%clk 0:00:18]}
Kg7 {[%clk 0:00:17]} 58. Kh2 {[%clk 0:00:19]} Kg8 {[%clk 0:00:18]} 59. Qc4+
{[%clk 0:00:21]} Kg7 {[%clk 0:00:19]} 60. Qc7+ {[%clk 0:00:22]} Qf7 {[%clk
0:00:20]} 61. Qf4 {[%clk 0:00:24]} Qf6 {[%clk 0:00:21]} 62. Qc4 {[%clk 0:00:24]}
Qe6 {[%clk 0:00:23]} 63. Qc3+ {[%clk 0:00:30]} Qf6 {[%clk 0:00:26]} 64. Qc7+
{[%clk 0:00:31]} Qf7 {[%clk 0:00:28]} 65. Qb8 {[%clk 0:00:32]} Qf6 {[%clk
0:00:29]} 66. Qa7+ {[%clk 0:00:33]} Qf7 {[%clk 0:00:30]} 67. Qe3 {[%clk 0:00:33]}
Qf6 {[%clk 0:00:31]} 68. Kg1 {[%clk 0:00:34]} Qa1+ {[%clk 0:00:32]} 69. Kh2
{[%clk 0:00:36]} Qf6 {[%clk 0:00:33]} 70. Qd2 {[%clk 0:00:37]} Qf7 {[%clk
0:00:34]} 71. Qc2 {[%clk 0:00:29]} Qf6 {[%clk 0:00:35]} 72. Qc7+ {[%clk 0:00:38]}
Qf7 {[%clk 0:00:36]} 73. Qb6 {[%clk 0:00:36]} Qf6 {[%clk 0:00:37]} 74. Qe3 {[%clk
0:00:37]} Qf7 {[%clk 0:00:38]} 75. Kg1 {[%clk 0:00:29]} Qf6 {[%clk 0:00:39]} 76.
Qd2 {[%clk 0:00:28]} Qf7 {[%clk 0:00:40]} 77. Qb2+ {[%clk 0:00:22]} Qf6 {[%clk
0:00:41]} 78. Qd2 {[%clk 0:00:22]} 1/2-1/2

[Event "Campeonato de España Blitz 2017"]
[Site "Linares"]
[Date "2017.08.12"]
[Round "8"]
[White "Vazquez Igarza, Renier"]
[Black "Granda Zuniga, Julio E"]
[Result "1-0"]
[Board "5"]
[WhiteTitle "GM"]
[WhiteElo "2577"]
[WhiteCountry "ESP"]
[WhiteFideId "3503054"]
[WhiteEloChange "6"]
[BlackTitle "GM"]
[BlackElo "2669"]
[BlackCountry "PER"]
[BlackFideId "3800024"]
[BlackEloChange "-6"]

1. d4 {[%clk 0:03:03]} d5 {[%clk 0:03:02]} 2. Nf3 {[%clk 0:03:04]} Nf6 {[%clk
0:03:00]} 3. c4 {[%clk 0:03:05]} dxc4 {[%clk 0:02:59]} 4. e3 {[%clk 0:03:05]} a6
{[%clk 0:02:57]} 5. Bxc4 {[%clk 0:03:05]} b5 {[%clk 0:02:58]} 6. Bb3 {[%clk
0:03:06]} e6 {[%clk 0:02:55]} 7. O-O {[%clk 0:02:59]} c5 {[%clk 0:02:54]} 8. a4
{[%clk 0:02:58]} c4 {[%clk 0:02:33]} 9. Bc2 {[%clk 0:02:53]} Bb7 {[%clk 0:02:32]}
10. axb5 {[%clk 0:02:52]} axb5 {[%clk 0:02:33]} 11. Rxa8 {[%clk 0:02:53]} Bxa8
{[%clk 0:02:34]} 12. b3 {[%clk 0:02:49]} cxb3 {[%clk 0:02:34]} 13. Bxb3 {[%clk
0:02:50]} Be7 {[%clk 0:01:57]} 14. Qe2 {[%clk 0:02:51]} b4 {[%clk 0:01:54]} 15.
Nbd2 {[%clk 0:02:23]} O-O {[%clk 0:01:51]} 16. Bb2 {[%clk 0:02:16]} Nc6 {[%clk
0:01:17]} 17. Nc4 {[%clk 0:02:16]} Na5 {[%clk 0:01:11]} 18. Nxa5 {[%clk 0:02:08]}
Qxa5 {[%clk 0:01:12]} 19. Ra1 {[%clk 0:02:03]} Qc7 {[%clk 0:00:41]} 20. Ne5
{[%clk 0:01:44]} Nd5 {[%clk 0:00:20]} 21. Qb5 {[%clk 0:01:22]} Nc3 {[%clk
0:00:13]} 22. Qd7 {[%clk 0:01:13]} Qxd7 {[%clk 0:00:13]} 23. Nxd7 {[%clk
0:01:15]} Rd8 {[%clk 0:00:15]} 24. Nb6 {[%clk 0:01:07]} Be4 {[%clk 0:00:14]} 25.
f3 {[%clk 0:00:54]} Bg6 {[%clk 0:00:15]} 26. Nc4 {[%clk 0:00:47]} f6 {[%clk
0:00:09]} 27. Kf2 {[%clk 0:00:46]} Bf7 {[%clk 0:00:10]} 28. Na5 {[%clk 0:00:43]}
Rc8 {[%clk 0:00:10]} 29. Rc1 {[%clk 0:00:40]} h5 {[%clk 0:00:02]} 30. h3 {[%clk
0:00:23]} h4 {[%clk 0:00:09]} 31. Ke1 {[%clk 0:00:23]} Re8 {[%clk 0:00:00]} 1-0

[Event "Campeonato de España Blitz 2017"]
[Site "Linares"]
[Date "2017.08.12"]
[Round "8"]
[White "Cifuentes Parada, Roberto"]
[Black "Larino Nieto, David"]
[Result "0-1"]
[Board "6"]
[WhiteTitle "GM"]
[WhiteElo "2477"]
[WhiteCountry "ESP"]
[WhiteFideId "2253488"]
[WhiteEloChange "-3"]
[BlackTitle "GM"]
[BlackElo "2595"]
[BlackCountry "ESP"]
[BlackFideId "2256444"]
[BlackEloChange "3"]

1. d4 {[%clk 0:03:04]} e6 {[%clk 0:03:03]} 2. Nf3 {[%clk 0:03:05]} b6 {[%clk
0:03:04]} 3. g3 {[%clk 0:03:06]} Bb7 {[%clk 0:03:05]} 4. Bg2 {[%clk 0:03:07]} d6
{[%clk 0:03:06]} 5. O-O {[%clk 0:03:08]} Nd7 {[%clk 0:03:08]} 6. c4 {[%clk
0:03:09]} Ngf6 {[%clk 0:03:08]} 7. Nc3 {[%clk 0:03:11]} g6 {[%clk 0:03:09]} 8.
Qc2 {[%clk 0:03:12]} Bg7 {[%clk 0:03:10]} 9. e4 {[%clk 0:03:13]} O-O {[%clk
0:03:10]} 10. b3 {[%clk 0:03:13]} a6 {[%clk 0:03:11]} 11. Bb2 {[%clk 0:03:14]} h6
{[%clk 0:03:13]} 12. Rfe1 {[%clk 0:03:14]} e5 {[%clk 0:03:04]} 13. dxe5 {[%clk
0:03:14]} Nxe5 {[%clk 0:03:09]} 14. Nxe5 {[%clk 0:03:08]} dxe5 {[%clk 0:03:10]}
15. Rad1 {[%clk 0:03:08]} Qc8 {[%clk 0:03:11]} 16. Nd5 {[%clk 0:03:00]} Nxd5
{[%clk 0:03:08]} 17. cxd5 {[%clk 0:03:09]} Qd7 {[%clk 0:03:06]} 18. Rc1 {[%clk
0:03:05]} Rac8 {[%clk 0:03:07]} 19. a4 {[%clk 0:02:57]} c5 {[%clk 0:02:58]} 20.
f4 {[%clk 0:02:52]} Rfe8 {[%clk 0:02:49]} 21. f5 {[%clk 0:02:54]} h5 {[%clk
0:02:41]} 22. Rf1 {[%clk 0:02:54]} Bh6 {[%clk 0:02:42]} 23. Rce1 {[%clk 0:02:55]}
Qd6 {[%clk 0:02:42]} 24. Bc1 {[%clk 0:02:51]} Bf8 {[%clk 0:02:32]} 25. Kh1 {[%clk
0:02:47]} b5 {[%clk 0:02:33]} 26. axb5 {[%clk 0:02:47]} axb5 {[%clk 0:02:34]} 27.
Bh3 {[%clk 0:02:42]} Rc7 {[%clk 0:02:34]} 28. Qe2 {[%clk 0:02:34]} c4 {[%clk
0:02:34]} 29. bxc4 {[%clk 0:02:34]} bxc4 {[%clk 0:02:35]} 30. Rf3 {[%clk
0:02:26]} c3 {[%clk 0:02:36]} 31. Ref1 {[%clk 0:02:27]} Ba6 {[%clk 0:02:36]} 32.
Qf2 {[%clk 0:02:20]} Bxf1 {[%clk 0:02:36]} 33. Bxf1 {[%clk 0:02:20]} c2 {[%clk
0:02:31]} 34. fxg6 {[%clk 0:02:20]} fxg6 {[%clk 0:02:29]} 35. Rf6 {[%clk
0:02:21]} Qb4 {[%clk 0:02:16]} 36. Rxg6+ {[%clk 0:02:21]} Bg7 {[%clk 0:02:13]}
37. Qe2 {[%clk 0:02:04]} Rf8 {[%clk 0:02:08]} 38. Bh3 {[%clk 0:02:04]} Rf6 {[%clk
0:01:57]} 39. Be6+ {[%clk 0:02:02]} Kf8 {[%clk 0:01:56]} 40. Rg5 {[%clk 0:01:45]}
Qb1 {[%clk 0:01:38]} 41. Qe1 {[%clk 0:01:28]} Ke8 {[%clk 0:01:38]} 42. d6 {[%clk
0:01:22]} Rcf7 {[%clk 0:00:53]} 43. d7+ {[%clk 0:01:11]} Ke7 {[%clk 0:00:55]} 44.
Bxf7 {[%clk 0:01:09]} Rxf7 {[%clk 0:00:55]} 45. Qd2 {[%clk 0:01:02]} Kd8 {[%clk
0:00:51]} 46. Kg2 {[%clk 0:00:50]} Rxd7 {[%clk 0:00:52]} 47. Qa5+ {[%clk
0:00:51]} Kc8 {[%clk 0:00:43]} 48. Qa3 {[%clk 0:00:30]} Qb7 {[%clk 0:00:34]} 49.
Qc5+ {[%clk 0:00:21]} Rc7 {[%clk 0:00:33]} 50. Qd6 {[%clk 0:00:14]} Qxe4+ {[%clk
0:00:33]} 51. Kh3 {[%clk 0:00:16]} Qc4 {[%clk 0:00:27]} 52. Rg6 {[%clk 0:00:10]}
Qf1+ {[%clk 0:00:27]} 53. Kh4 {[%clk 0:00:10]} Bf8 {[%clk 0:00:20]} 54. Qe6+
{[%clk 0:00:11]} Kb8 {[%clk 0:00:12]} 55. Qe8+ {[%clk 0:00:12]} Kb7 {[%clk
0:00:12]} 56. Qxe5 {[%clk 0:00:07]} Be7+ {[%clk 0:00:13]} 57. Bg5 c1Q {[%clk
0:00:04]} 58. Qd5+ Qc6 {[%clk 0:00:04]} 59. Rxc6 Rxc6 {[%clk 0:00:04]} 60. Qd7+
Rc7 61. Qd5+ Kb8 0-1

[Event "Campeonato de España Blitz 2017"]
[Site "Linares"]
[Date "2017.08.12"]
[Round "8"]
[White "Ladron De Guevara Pinto, Paolo"]
[Black "Korneev, Oleg"]
[Result "1-0"]
[Board "7"]
[WhiteTitle "FM"]
[WhiteElo "2313"]
[WhiteCountry "ESP"]
[WhiteFideId "2290847"]
[WhiteEloChange "16"]
[BlackTitle "GM"]
[BlackElo "2578"]
[BlackCountry "ESP"]
[BlackFideId "4156803"]
[BlackEloChange "-8"]

1. e4 {[%clk 0:03:02]} c5 {[%clk 0:03:03]} 2. Nf3 {[%clk 0:03:02]} e6 {[%clk
0:03:03]} 3. d4 {[%clk 0:03:04]} cxd4 {[%clk 0:03:06]} 4. Nxd4 {[%clk 0:03:04]}
Nc6 {[%clk 0:03:06]} 5. Nc3 {[%clk 0:03:04]} Qc7 {[%clk 0:03:06]} 6. Be3 {[%clk
0:03:05]} a6 {[%clk 0:03:10]} 7. f4 {[%clk 0:03:05]} b5 {[%clk 0:03:07]} 8. Qd2
{[%clk 0:02:30]} Nxd4 {[%clk 0:03:06]} 9. Bxd4 {[%clk 0:02:27]} Bb7 {[%clk
0:03:05]} 10. Bd3 {[%clk 0:02:24]} Nf6 {[%clk 0:02:36]} 11. e5 {[%clk 0:02:21]}
Nd5 {[%clk 0:02:34]} 12. Nxd5 {[%clk 0:02:22]} Bxd5 {[%clk 0:02:35]} 13. Qf2
{[%clk 0:02:17]} Rc8 {[%clk 0:02:32]} 14. O-O {[%clk 0:02:17]} Bc5 {[%clk
0:02:23]} 15. a4 {[%clk 0:02:09]} Bxd4 {[%clk 0:02:21]} 16. Qxd4 {[%clk 0:02:10]}
Qc5 {[%clk 0:02:21]} 17. Qxc5 {[%clk 0:02:06]} Rxc5 {[%clk 0:02:23]} 18. axb5
{[%clk 0:02:06]} axb5 {[%clk 0:02:23]} 19. Ra5 {[%clk 0:02:09]} Bc6 {[%clk
0:02:03]} 20. b4 {[%clk 0:02:01]} Rd5 {[%clk 0:01:12]} 21. Be4 {[%clk 0:02:02]}
Rd4 {[%clk 0:01:01]} 22. Bxc6 {[%clk 0:01:57]} dxc6 {[%clk 0:01:03]} 23. c3
{[%clk 0:01:24]} Rd2 {[%clk 0:01:04]} 24. Ra8+ {[%clk 0:01:25]} Rd8 {[%clk
0:01:04]} 25. Rxd8+ {[%clk 0:01:25]} Kxd8 {[%clk 0:01:06]} 26. Ra1 {[%clk
0:01:27]} Re8 {[%clk 0:00:17]} 27. Ra8+ {[%clk 0:01:28]} Kd7 {[%clk 0:00:19]} 28.
Ra7+ {[%clk 0:01:28]} Kc8 {[%clk 0:00:06]} 29. Rxf7 {[%clk 0:01:27]} Rd8 {[%clk
0:00:05]} 30. Rxg7 {[%clk 0:01:26]} Rd3 {[%clk 0:00:05]} 31. Rg3 {[%clk 0:01:25]}
Rd2 {[%clk 0:00:05]} 32. Rg8+ {[%clk 0:01:19]} Kc7 {[%clk 0:00:04]} 33. Rg7+
{[%clk 0:01:21]} Kb6 {[%clk 0:00:05]} 34. Rxh7 {[%clk 0:01:22]} Rd1+ 35. Kf2
{[%clk 0:01:22]} Rd2+ 36. Kf1 {[%clk 0:01:24]} Rd1+ {[%clk 0:00:06]} 37. Ke2
{[%clk 0:01:25]} Rc1 {[%clk 0:00:07]} 38. Rh3 {[%clk 0:01:25]} Rc2+ {[%clk
0:00:08]} 39. Kd3 {[%clk 0:01:08]} Rxg2 {[%clk 0:00:08]} 40. Rh6 {[%clk 0:01:10]}
Rf2 {[%clk 0:00:06]} 41. Ke3 {[%clk 0:01:04]} Rc2 {[%clk 0:00:07]} 42. Rxe6
{[%clk 0:01:04]} Rxc3+ {[%clk 0:00:08]} 43. Kd2 {[%clk 0:00:59]} Rc4 {[%clk
0:00:05]} 44. Rf6 {[%clk 0:00:55]} Rxb4 {[%clk 0:00:05]} 45. e6 {[%clk 0:00:56]}
Kc7 46. f5 {[%clk 0:00:58]} Rh4 {[%clk 0:00:03]} 47. Rf7+ {[%clk 0:00:57]} Kd8
{[%clk 0:03:02]} 48. f6 {[%clk 0:00:39]} 1-0

[Event "Campeonato de España Blitz 2017"]
[Site "Linares"]
[Date "2017.08.12"]
[Round "8"]
[White "Valles Moreno, Ivan"]
[Black "Vila Gazquez, Xavier"]
[Result "1-0"]
[Board "8"]
[WhiteTitle "IM"]
[WhiteElo "2437"]
[WhiteCountry "ESP"]
[WhiteFideId "2205688"]
[WhiteEloChange "5"]
[BlackTitle "GM"]
[BlackElo "2467"]
[BlackCountry "ESP"]
[BlackFideId "2261090"]
[BlackEloChange "-5"]

1. e4 {[%clk 0:03:03]} d5 {[%clk 0:03:04]} 2. exd5 {[%clk 0:03:03]} Qxd5 {[%clk
0:03:05]} 3. Nc3 {[%clk 0:03:04]} Qd8 {[%clk 0:03:06]} 4. Bc4 {[%clk 0:02:55]}
Nf6 {[%clk 0:03:03]} 5. Nf3 {[%clk 0:02:55]} c5 {[%clk 0:02:45]} 6. Ne5 {[%clk
0:02:49]} e6 {[%clk 0:02:41]} 7. O-O {[%clk 0:02:36]} Nbd7 {[%clk 0:02:22]} 8. d4
{[%clk 0:02:06]} cxd4 {[%clk 0:02:03]} 9. Qxd4 {[%clk 0:02:06]} Bc5 {[%clk
0:01:49]} 10. Qf4 {[%clk 0:02:06]} O-O {[%clk 0:01:36]} 11. Nf3 {[%clk 0:01:48]}
Qe7 {[%clk 0:01:13]} 12. Qh4 {[%clk 0:01:46]} h6 {[%clk 0:00:47]} 13. a3 {[%clk
0:01:37]} a6 {[%clk 0:00:43]} 14. b4 {[%clk 0:01:35]} Ba7 {[%clk 0:00:31]} 15.
Bd3 {[%clk 0:00:51]} Re8 {[%clk 0:00:24]} 16. Re1 {[%clk 0:00:32]} b5 {[%clk
0:00:17]} 17. Ne4 {[%clk 0:00:26]} Nxe4 {[%clk 0:00:15]} 18. Qxe4 {[%clk
0:00:27]} Nf6 {[%clk 0:00:08]} 19. Qxa8 {[%clk 0:00:28]} Qc7 {[%clk 0:00:05]} 20.
Be3 {[%clk 0:00:22]} Bxe3 {[%clk 0:00:03]} 21. Rxe3 {[%clk 0:00:23]} Bb7 {[%clk
0:00:03]} 22. Qa7 {[%clk 0:00:24]} Nd5 {[%clk 0:00:04]} 23. Qc5 {[%clk 0:00:15]}
Qxc5 {[%clk 0:00:05]} 24. bxc5 {[%clk 0:00:26]} Nxe3 {[%clk 0:00:07]} 25. fxe3
{[%clk 0:00:27]} Rc8 {[%clk 0:00:08]} 26. a4 {[%clk 0:00:26]} Rxc5 {[%clk
0:00:09]} 27. axb5 {[%clk 0:00:27]} axb5 {[%clk 0:00:10]} 28. Rb1 {[%clk
0:00:29]} Bc6 {[%clk 0:00:11]} 29. Nd4 {[%clk 0:00:30]} Be8 {[%clk 0:00:08]} 30.
Bxb5 {[%clk 0:00:31]} Bxb5 31. Rxb5 {[%clk 0:00:32]} Rc3 {[%clk 0:00:09]} 32. Kf2
{[%clk 0:00:33]} f6 {[%clk 0:00:10]} 33. Ke2 {[%clk 0:00:33]} e5 {[%clk 0:00:12]}
34. Nf5 {[%clk 0:00:31]} Rxc2+ {[%clk 0:00:13]} 35. Kf3 {[%clk 0:00:32]} Rc7
{[%clk 0:00:14]} 36. g4 {[%clk 0:00:33]} Kh7 {[%clk 0:00:13]} 37. Rb6 {[%clk
0:00:32]} Rd7 {[%clk 0:00:11]} 38. h4 {[%clk 0:00:33]} g6 {[%clk 0:00:07]} 39.
Ng3 {[%clk 0:00:34]} Kg7 {[%clk 0:00:08]} 40. h5 {[%clk 0:00:35]} gxh5 {[%clk
0:00:05]} 41. Nxh5+ {[%clk 0:00:36]} Kh7 {[%clk 0:00:05]} 42. Nxf6+ {[%clk
0:00:37]} 1-0

[Event "Campeonato de España Blitz 2017"]
[Site "Linares"]
[Date "2017.08.12"]
[Round "8"]
[White "Vallejo Pons, Francisco"]
[Black "Valmana Canto, Jaime"]
[Result "1-0"]
[Board "9"]
[WhiteTitle "GM"]
[WhiteElo "2677"]
[WhiteCountry "ESP"]
[WhiteFideId "2205530"]
[WhiteEloChange "1"]
[BlackTitle "IM"]
[BlackElo "2334"]
[BlackCountry "ESP"]
[BlackFideId "2268990"]
[BlackEloChange "-2"]

1. e4 {[%clk 0:03:02]} c5 {[%clk 0:03:02]} 2. Ne2 {[%clk 0:03:02]} Nc6 {[%clk
0:03:03]} 3. Nbc3 {[%clk 0:03:02]} Nf6 {[%clk 0:03:03]} 4. g3 {[%clk 0:03:00]} d5
{[%clk 0:02:57]} 5. exd5 {[%clk 0:03:00]} Nxd5 {[%clk 0:02:48]} 6. Bg2 {[%clk
0:03:01]} Nxc3 {[%clk 0:02:48]} 7. Bxc6+ {[%clk 0:03:01]} bxc6 {[%clk 0:02:49]}
8. Nxc3 {[%clk 0:03:01]} g6 {[%clk 0:02:35]} 9. Qf3 {[%clk 0:02:47]} Bd7 {[%clk
0:02:16]} 10. b3 {[%clk 0:02:39]} Bg7 {[%clk 0:02:15]} 11. Bb2 {[%clk 0:02:48]}
O-O {[%clk 0:02:14]} 12. Na4 {[%clk 0:02:40]} Bxb2 {[%clk 0:02:02]} 13. Nxb2
{[%clk 0:02:31]} Be6 {[%clk 0:02:02]} 14. Qc3 {[%clk 0:01:56]} Bd5 {[%clk
0:01:47]} 15. Rf1 {[%clk 0:01:43]} Qd6 {[%clk 0:01:38]} 16. O-O-O {[%clk
0:01:18]} Rfd8 {[%clk 0:01:27]} 17. d3 {[%clk 0:01:13]} Rab8 {[%clk 0:01:24]} 18.
Na4 {[%clk 0:01:05]} Rb5 {[%clk 0:01:23]} 19. f4 {[%clk 0:01:02]} Be6 {[%clk
0:01:15]} 20. Rfe1 {[%clk 0:00:56]} Bg4 {[%clk 0:01:11]} 21. Rd2 {[%clk 0:00:57]}
f6 {[%clk 0:00:59]} 22. Re4 {[%clk 0:00:52]} Rb4 {[%clk 0:00:50]} 23. Nxc5 {[%clk
0:00:39]} Rb5 {[%clk 0:00:35]} 24. Rc4 {[%clk 0:00:33]} Bf3 {[%clk 0:00:22]} 25.
a4 {[%clk 0:00:32]} Rbb8 {[%clk 0:00:22]} 26. d4 {[%clk 0:00:29]} Bd5 {[%clk
0:00:21]} 27. Rb4 {[%clk 0:00:30]} Rxb4 {[%clk 0:00:18]} 28. Qxb4 {[%clk
0:00:30]} Rb8 {[%clk 0:00:12]} 29. Qc3 {[%clk 0:00:30]} Qc7 {[%clk 0:00:12]} 30.
Na6 {[%clk 0:00:25]} Qd6 {[%clk 0:00:10]} 31. Nxb8 {[%clk 0:00:24]} Qxb8 {[%clk
0:00:11]} 32. Kb2 {[%clk 0:00:24]} Qd6 {[%clk 0:00:11]} 33. Qc5 {[%clk 0:00:24]}
Qd7 {[%clk 0:00:12]} 34. Re2 {[%clk 0:00:25]} Kf7 {[%clk 0:00:03]} 35. a5 {[%clk
0:00:25]} e6 {[%clk 0:00:11]} 36. a6 {[%clk 0:00:25]} h5 {[%clk 0:00:10]} 37. Re3
{[%clk 0:00:25]} Kg7 {[%clk 0:00:09]} 38. Rc3 {[%clk 0:00:26]} g5 {[%clk
0:00:06]} 39. fxg5 {[%clk 0:00:26]} fxg5 {[%clk 0:00:07]} 40. h4 {[%clk 0:00:27]}
1-0

[Event "Campeonato de España Blitz 2017"]
[Site "Linares"]
[Date "2017.08.12"]
[Round "8"]
[White "Pazos Porta, Antonio"]
[Black "Alonso Rosell, Alvar"]
[Result "0-1"]
[Board "10"]
[WhiteTitle "FM"]
[WhiteElo "2371"]
[WhiteCountry "ESP"]
[WhiteFideId "2263190"]
[WhiteEloChange "-5"]
[BlackTitle "GM"]
[BlackElo "2575"]
[BlackCountry "ESP"]
[BlackFideId "2270544"]
[BlackEloChange "2"]

1. e4 {[%clk 0:03:02]} c6 {[%clk 0:03:04]} 2. d4 {[%clk 0:03:01]} d5 {[%clk
0:03:05]} 3. e5 {[%clk 0:03:02]} Bf5 {[%clk 0:02:56]} 4. Ne2 {[%clk 0:03:03]} e6
{[%clk 0:03:04]} 5. Ng3 {[%clk 0:03:03]} Bg6 {[%clk 0:03:05]} 6. h4 {[%clk
0:03:04]} h5 {[%clk 0:03:03]} 7. Bd3 {[%clk 0:03:04]} Bxd3 {[%clk 0:02:54]} 8.
cxd3 {[%clk 0:03:05]} g6 {[%clk 0:02:47]} 9. Nd2 {[%clk 0:03:05]} c5 {[%clk
0:02:42]} 10. dxc5 {[%clk 0:03:01]} Bxc5 {[%clk 0:02:43]} 11. Nf3 {[%clk
0:02:56]} Nc6 {[%clk 0:02:44]} 12. d4 {[%clk 0:02:54]} Bb4+ {[%clk 0:02:40]} 13.
Bd2 {[%clk 0:02:54]} Qb6 {[%clk 0:02:31]} 14. O-O {[%clk 0:02:19]} Be7 {[%clk
0:02:30]} 15. Be3 {[%clk 0:01:44]} Nh6 {[%clk 0:02:30]} 16. b3 {[%clk 0:01:44]}
Ng4 {[%clk 0:02:28]} 17. Qd3 {[%clk 0:01:33]} O-O-O {[%clk 0:02:18]} 18. Bg5
{[%clk 0:01:14]} Bxg5 {[%clk 0:01:53]} 19. Nxg5 {[%clk 0:01:13]} Rd7 {[%clk
0:01:42]} 20. Rad1 {[%clk 0:01:11]} Kb8 {[%clk 0:01:38]} 21. Rd2 {[%clk 0:01:04]}
Rc7 {[%clk 0:01:30]} 22. Rfd1 {[%clk 0:00:56]} Rhc8 {[%clk 0:01:24]} 23. Qf3
{[%clk 0:00:56]} Nh6 {[%clk 0:01:11]} 24. Qe3 {[%clk 0:00:53]} Rh8 {[%clk
0:01:03]} 25. Qf4 {[%clk 0:00:41]} Nf5 {[%clk 0:00:57]} 26. Nxf5 {[%clk 0:00:41]}
gxf5 {[%clk 0:00:57]} 27. Qf3 {[%clk 0:00:38]} Qb4 {[%clk 0:00:24]} 28. Nh3
{[%clk 0:00:26]} Ne7 {[%clk 0:00:15]} 29. Nf4 {[%clk 0:00:25]} Ng6 {[%clk
0:00:15]} 30. g3 {[%clk 0:00:18]} Nxf4 {[%clk 0:00:18]} 31. Qxf4 {[%clk 0:00:19]}
Rg8 {[%clk 0:00:18]} 32. Kg2 {[%clk 0:00:11]} a5 {[%clk 0:00:18]} 33. Qh6 {[%clk
0:00:11]} Rg4 {[%clk 0:00:09]} 34. Qxh5 {[%clk 0:00:11]} Ka7 {[%clk 0:00:09]} 35.
Qh6 {[%clk 0:00:08]} Rg6 {[%clk 0:00:16]} 36. Qe3 {[%clk 0:00:09]} Rg4 {[%clk
0:00:16]} 37. h5 {[%clk 0:00:08]} Rc3 {[%clk 0:00:14]} 38. Rd3 {[%clk 0:00:09]}
Rc2 {[%clk 0:00:14]} 39. R1d2 {[%clk 0:00:09]} Rc8 {[%clk 0:00:15]} 40. h6 {[%clk
0:00:07]} Rg6 {[%clk 0:00:12]} 41. Re2 {[%clk 0:00:04]} Rh8 {[%clk 0:00:12]} 42.
Rc3 {[%clk 0:00:05]} Rgxh6 {[%clk 0:00:12]} 43. Rec2 {[%clk 0:00:06]} Rh2+ {[%clk
0:00:10]} 44. Kf3 {[%clk 0:00:07]} Rh1 {[%clk 0:00:07]} 45. Qd3 {[%clk 0:00:07]}
Re1 {[%clk 0:00:06]} 46. Qd2 Re4 {[%clk 0:00:06]} 47. Rc7 {[%clk 0:00:06]} Qb5
{[%clk 0:00:04]} 48. Rxf7 {[%clk 0:00:05]} Ka6 {[%clk 0:00:03]} 49. Rc5 {[%clk
0:00:06]} Qb6 {[%clk 0:00:03]} 50. Re7 {[%clk 0:00:06]} f4 {[%clk 0:00:03]} 51.
gxf4 {[%clk 0:00:06]} Rf8 {[%clk 0:00:04]} 52. Rec7 {[%clk 0:00:05]} Qb4 {[%clk
0:00:04]} 53. Re7 {[%clk 0:00:04]} Qxd2 {[%clk 0:00:05]} 54. Rxe6+ {[%clk
0:00:04]} Ka7 {[%clk 0:00:05]} 0-1